[Event "Titled Tuesday intern op 02nd Apr Early"]
[Site "Chess.com INT"]
[Date "2024.04.02"]
[Round "11"]
[White "Banerjee, Supratit"]
[Black "Shishkov, Andrei"]
[Result "1-0"]
[WhiteElo "2060"]
[BlackElo "2340"]
[PlyCount "113"]
[EventDate "2024.04.02"]
[EventType "swiss (blitz)"]
[EventRounds "11"]
[EventCountry "USA"]
[SourceTitle "CB15_2024"]
[SourceDate "2024.04.10"]
[SourceVersion "1"]
[SourceVersionDate "2024.04.10"]
[SourceQuality "1"]

1. e4 d5 2. exd5 Nf6 3. Bb5+ Bd7 4. Bxd7+ Qxd7 5. c4 e6 6. dxe6 fxe6 7. Nf3 Nc6 8. 0-0 0-0-0 9. a3 e5 10. b4 e4 11. Ne1 Qd4 12. Nc2 Qxc4 13. Ne3 Qe6 14. Nc3 Nd4 15. Qa4 Kb8 16. Bb2 Nb3 17. Rad1 Nxd2 18. Rfe1 Be7 19. Nb5 a6 20. Nd4 Rxd4 21. Bxd4 Nc4 22. Nxc4 Qxc4 23. Qa5 Bd6 24. Bxf6 gxf6 25. Qf5 Re8 26. Qh5 Qe6 27. Qh3 f5 28. f3 e3 29. Re2 Qg6 30. Rde1 f4 31. Kh1 Rg8 32. Rg1 h5 33. g3 fxg3 34. hxg3 Qd3 35. Reg2 e2 36. Qe6 Rf8 37. Qxe2 Qxf3 38. Qxf3 Rxf3 39. Rh2 Bxg3 40. Rxh5 Bd6 41. Ra1 Rb3 42. Kg2 b6 43. Kf2 Kb7 44. Ke2 Rb2+ 45. Kd3 Rg2 46. Rh7 Rg3+ 47. Kc2 Rg2+ 48. Kb3 Rg3+ 49. Kc2 Rg2+ 50. Kd3 Rg3+ 51. Ke4 Rb3 52. Rd1 Kb8 53. Rd3 Rb1 54. Kd5 Rc1 55. Ke6 Rc2 56. Kd7 Kb7 57. Kd8 1-0

[Event "Titled Tuesday intern op 02nd Apr Early"]
[Site "Chess.com INT"]
[Date "2024.04.02"]
[Round "4"]
[White "Pastar, Slaven"]
[Black "Shishkov, Andrei"]
[Result "0-1"]
[WhiteElo "2363"]
[BlackElo "2340"]
[PlyCount "84"]
[EventDate "2024.04.02"]
[EventType "swiss (blitz)"]
[EventRounds "11"]
[EventCountry "USA"]
[SourceTitle "CB15_2024"]
[SourceDate "2024.04.10"]
[SourceVersion "1"]
[SourceVersionDate "2024.04.10"]
[SourceQuality "1"]

1. Nf3 Nf6 2. g3 b5 3. Bg2 Bb7 4. Na3 b4 5. Nc4 a5 6. 0-0 e6 7. b3 Be7 8. a3 0-0 9. Bb2 d5 10. Nce5 c5 11. axb4 axb4 12. Rxa8 Bxa8 13. Qa1 Nc6 14. Nxc6 Bxc6 15. Ne5 Bb5 16. d3 Qa8 17. h3 Rd8 18. g4 Bf8 19. f4 Nd7 20. Nxd7 Bxd7 21. f5 Qxa1 22. Rxa1 exf5 23. Bxd5 fxg4 24. hxg4 Bxg4 25. e4 Be6 26. Bxe6 fxe6 27. Ra7 c4 28. Kf1 cxd3 29. cxd3 Rxd3 30. Ke2 Rxb3 31. Be5 Ra3 32. Rb7 Ra5 33. Bc7 Rh5 34. e5 h6 35. Kf3 Rf5+ 36. Ke4 Rf7 37. Kd4 g5 38. Kc4 g4 39. Kb5 g3 40. Kc6 g2 41. Bb6 Rxb7 42. Kxb7 b3 0-1

[Event "Titled Tuesday intern op 13th Feb Early"]
[Site "Chess.com INT"]
[Date "2024.02.13"]
[Round "2"]
[White "Kourkoulos Arditis, Stamatis"]
[Black "Shishkov, Andrei"]
[Result "1-0"]
[WhiteElo "2556"]
[BlackElo "2340"]
[PlyCount "79"]
[EventDate "2024.02.13"]
[EventType "swiss (blitz)"]
[EventRounds "11"]
[EventCountry "USA"]
[SourceTitle "CB08_2024"]
[SourceDate "2024.02.21"]
[SourceVersion "1"]
[SourceVersionDate "2024.02.21"]
[SourceQuality "1"]

1. e4 d5 2. exd5 Nf6 3. d4 Nxd5 4. Nf3 Bg4 5. Be2 Nc6 6. 0-0 e6 7. c4 Nb6 8. b3 Bxf3 9. Bxf3 Nxd4 10. Bxb7 Rb8 11. Be4 c5 12. Nc3 Be7 13. Nb5 Bf6 14. Bf4 e5 15. Be3 0-0 16. Nxa7 Qc7 17. Nb5 Qe7 18. a4 Rbd8 19. a5 Nxb5 20. Qc2 Nd4 21. Bxd4 exd4 22. axb6 d3 23. Bxd3 Bxa1 24. Rxa1 Qb7 25. Bxh7+ Kh8 26. Be4 Qxb6 27. g3 g6 28. Bd5 Qf6 29. Ra7 Kg7 30. Qd2 Rde8 31. Kg2 Re5 32. h4 Re7 33. Ra5 Rc8 34. Qd3 Rd7 35. Qf3 Rd6 36. Qg4 Rc7 37. Ra8 Rb6 38. Qe4 Rxb3 39. Qe8 Kh6 40. g4 1-0

[Event "Titled Tuesday intern op 06th Feb Early"]
[Site "Chess.com INT"]
[Date "2024.02.06"]
[Round "3"]
[White "Shishkov, Andrei"]
[Black "Baziuk, Vladyslav"]
[Result "1-0"]
[WhiteElo "2340"]
[BlackElo "2211"]
[PlyCount "119"]
[EventDate "2024.02.06"]
[EventType "swiss (blitz)"]
[EventRounds "11"]
[EventCountry "USA"]
[SourceTitle "CB07_2024"]
[SourceDate "2024.02.14"]
[SourceVersion "1"]
[SourceVersionDate "2024.02.14"]
[SourceQuality "1"]

1. d4 Nf6 2. c4 e6 3. Nc3 Bb4 4. Qc2 0-0 5. e4 d5 6. e5 Ne4 7. Bd3 c5 8. Nf3 cxd4 9. Nxd4 Nd7 10. Bxe4 dxe4 11. Qxe4 Nc5 12. Qe3 Bxc3+ 13. bxc3 b6 14. Ba3 Ba6 15. Nb5 Bxb5 16. cxb5 Rc8 17. 0-0 Qh4 18. f4 Qg4 19. h3 Qf5 20. Rfd1 h5 21. Rd4 Qc2 22. Qd2 Qf5 23. Re1 Rfe8 24. c4 Nb7 25. Kh2 Na5 26. Rc1 Nb7 27. Bb4 Nc5 28. Re1 a5 29. bxa6 Nxa6 30. Bd6 Nc5 31. Re2 Ra8 32. Qc2 Qxc2 33. Rxc2 Ra4 34. Rb2 Ra6 35. Kg3 Rea8 36. Bxc5 bxc5 37. Rdd2 Ra3+ 38. Kh4 R8a4 39. Rdc2 Kh7 40. g4 hxg4 41. hxg4 Rf3 42. Rf2 Rxf2 43. Rxf2 Rxc4 44. f5 exf5 45. Rxf5 Ra4 46. Rxf7 Rxa2 47. Rc7 Ra5 48. Kg5 Kg8 49. Kg6 Kf8 50. e6 Ra6 51. Rf7+ Ke8 52. Kf5 g6+ 53. Ke5 c4 54. Rc7 Ra5+ 55. Kf6 Kd8 56. Rxc4 Ra7 57. Rd4+ Ke8 58. Rb4 Ra8 59. Rb7 Ra6 60. Rb8# 1-0

[Event "Titled Tuesday intern op 19th Dec Early"]
[Site "Chess.com INT"]
[Date "2023.12.19"]
[Round "3"]
[White "Suyarov, Mukhammadzokhid"]
[Black "Shishkov, Andrei"]
[Result "1-0"]
[WhiteElo "2359"]
[BlackElo "2340"]
[PlyCount "81"]
[EventDate "2023.12.19"]
[EventType "swiss (blitz)"]
[EventRounds "11"]
[EventCountry "USA"]
[SourceTitle "CB52_2023"]
[SourceDate "2023.12.27"]
[SourceVersion "1"]
[SourceVersionDate "2023.12.27"]
[SourceQuality "1"]

1. d4 Nf6 2. c4 e6 3. Nc3 Bb4 4. e3 0-0 5. Bd2 d5 6. Nf3 c5 7. a3 Bxc3 8. Bxc3 Ne4 9. Rc1 Nxc3 10. Rxc3 cxd4 11. Nxd4 Nc6 12. cxd5 Nxd4 13. Qxd4 Qxd5 14. Qxd5 exd5 15. Be2 Be6 16. Rc7 Rab8 17. Kd2 Rfc8 18. Rhc1 Kf8 19. Bf3 Rxc7 20. Rxc7 Ke8 21. Rc5 b6 22. Rc7 a5 23. b4 axb4 24. axb4 Ra8 25. Rb7 Ra2+ 26. Kc3 Rxf2 27. Rxb6 Kd7 28. b5 Ra2 29. Ra6 Rf2 30. Kd4 Rf1 31. Ra3 Rb1 32. Kc5 Rc1+ 33. Kb6 Kd6 34. Ka7 Rb1 35. b6 Bd7 36. b7 Kc7 37. Rc3+ Bc6 38. b8Q+ Rxb8 39. Rxc6+ Kxc6 40. Kxb8 Kc5 41. Kc7 1-0

[Event "Titled Tuesday intern op 14th Nov Early"]
[Site "Chess.com INT"]
[Date "2023.11.14"]
[Round "3"]
[White "Papasimakopoulos, Alexandros"]
[Black "Shishkov, Andrei"]
[Result "0-1"]
[WhiteElo "2416"]
[BlackElo "2340"]
[PlyCount "106"]
[EventDate "2023.11.14"]
[EventType "swiss (blitz)"]
[EventRounds "11"]
[EventCountry "USA"]
[SourceTitle "CB47_2023"]
[SourceDate "2023.11.22"]
[SourceVersion "1"]
[SourceVersionDate "2023.11.22"]
[SourceQuality "1"]

1. d4 Nf6 2. c4 e6 3. Nc3 Bb4 4. Qc2 0-0 5. a3 Bxc3+ 6. Qxc3 b5 7. cxb5 c6 8. Bg5 cxb5 9. e3 Bb7 10. Nf3 h6 11. Bh4 Nc6 12. Bxb5 Rc8 13. Bxf6 Qxf6 14. Qd2 e5 15. Bxc6 Qxc6 16. dxe5 Qg6 17. Nh4 Qg5 18. Qd4 Ba6 19. Qf4 Rc2 20. Qxg5 hxg5 21. Nf3 Re2+ 22. Kd1 Rxf2 23. Rg1 Rxb2 24. Rc1 g4 25. Nd4 Re8 26. Rc2 Rb1+ 27. Rc1 Rb2 28. Rc2 Rb1+ 29. Rc1 Rxc1+ 30. Kxc1 Rxe5 31. Kd2 Ra5 32. Ra1 g6 33. g3 Kg7 34. Kc3 Bb7 35. Kb4 Re5 36. Re1 Bf3 37. Nb5 a6 38. Nc7 Rh5 39. Nxa6 Rxh2 40. Nc5 Rg2 41. a4 Rxg3 42. Nxd7 Rg2 43. Ne5 Be4 44. a5 g3 45. Ka3 Rd2 46. Nc4 Rd8 47. Kb4 g2 48. Nb6 Rh8 49. Rg1 Rh1 50. Rxg2 Bxg2 51. a6 Rb1+ 52. Kc5 Ra1 53. Kb5 Bf1+ 0-1

[Event "Titled Tuesday intern op 14th Nov Early"]
[Site "Chess.com INT"]
[Date "2023.11.14"]
[Round "2"]
[White "Saydaliev, Saidakbar"]
[Black "Shishkov, Andrei"]
[Result "1-0"]
[WhiteElo "2426"]
[BlackElo "2340"]
[PlyCount "153"]
[EventDate "2023.11.14"]
[EventType "swiss (blitz)"]
[EventRounds "11"]
[EventCountry "USA"]
[SourceTitle "CB47_2023"]
[SourceDate "2023.11.22"]
[SourceVersion "1"]
[SourceVersionDate "2023.11.22"]
[SourceQuality "1"]

1. Nf3 Nf6 2. c4 e6 3. e3 d5 4. Nc3 Be7 5. d4 0-0 6. a3 a6 7. b4 a5 8. b5 c5 9. bxc6 Nxc6 10. Rb1 b6 11. cxd5 Nxd5 12. Nxd5 exd5 13. Bd3 Bg4 14. Qc2 Rc8 15. Bxh7+ Kh8 16. Bf5 Nxd4 17. Qxc8 Nxf3+ 18. gxf3 Qxc8 19. Bxc8 Bxf3 20. Bf5 Bxh1 21. Rxb6 Bf3 22. Bb2 Kg8 23. Kd2 g6 24. Bd3 Bd8 25. Ra6 Bc7 26. h4 Rb8 27. Bc3 Be4 28. Bxe4 dxe4 29. h5 gxh5 30. Rh6 Kf8 31. Rxh5 Ke7 32. Rc5 Bd6 33. Rxa5 Rb3 34. a4 Ra3 35. Ra7+ Ke6 36. Ra6 Ra2+ 37. Ke1 Kd5 38. a5 Bc5 39. Rf6 Kc4 40. Be5 Kd3 41. Kf1 Rxa5 42. Rxf7 Ra2 43. Rd7+ Kc4 44. Bd4 Rd2 45. Rc7 Rxd4 46. exd4 Kxd4 47. Ke2 Bd6 48. Rc6 Kd5 49. Ra6 Bc5 50. Ra4 Ke5 51. Ra5 Kd4 52. Ra8 Ke5 53. Re8+ Kf4 54. Kf1 Bd4 55. Kg2 Bc5 56. Re6 Bd4 57. Rc6 Ba7 58. Rc4 Bb6 59. f3 Kf5 60. Rxe4 Bc7 61. Rc4 Bf4 62. Kf2 Be5 63. Ke3 Bf6 64. Rc5+ Ke6 65. Ke4 Be7 66. Rb5 Bd6 67. f4 Ke7 68. Rb6 Bc5 69. Ra6 Bb4 70. Kf5 Bd2 71. Ra7+ Kd6 72. Rf7 Bc1 73. Kg6 Ke6 74. f5+ Ke5 75. Re7+ Kd6 76. Re1 Bf4 77. f6 1-0

[Event "Titled Tuesday intern op 19th Sep Early"]
[Site "Chess.com INT"]
[Date "2023.09.19"]
[Round "9"]
[White "Hua, Lefong"]
[Black "Shishkov, Andrei"]
[Result "1-0"]
[WhiteElo "2305"]
[BlackElo "2340"]
[PlyCount "91"]
[EventDate "2023.09.19"]
[EventType "swiss (blitz)"]
[EventRounds "11"]
[EventCountry "USA"]
[SourceTitle "EXT 2024"]
[Source "ChessBase"]
[SourceDate "2023.10.10"]
[SourceVersion "1"]
[SourceVersionDate "2023.10.10"]
[SourceQuality "1"]

1. d4 Nf6 2. c4 e6 3. Nc3 Bb4 4. f3 0-0 5. a3 Bxc3+ 6. bxc3 b6 7. e4 Ne8 8. Bd3 Nc6 9. Nh3 Ba6 10. Qe2 Na5 11. Be3 Rc8 12. 0-0 c5 13. Rac1 f6 14. f4 f5 15. e5 d5 16. cxd5 Bxd3 17. Qxd3 c4 18. Qe2 Qxd5 19. Rc2 Nc7 20. Bc1 Nb3 21. a4 Nxc1 22. Rfxc1 h6 23. Nf2 Qc6 24. Ra2 Nd5 25. g3 Rc7 26. Nd1 g5 27. fxg5 hxg5 28. Ne3 Rg7 29. Qxc4 Qxc4 30. Nxc4 Rc8 31. Nd6 Rxc3 32. Rxc3 Nxc3 33. Rc2 Rc7 34. Kf1 Nd5 35. Rxc7 Nxc7 36. Nb5 Nxb5 37. axb5 Kf7 38. h4 gxh4 39. gxh4 Kg6 40. Kg2 Kh5 41. d5 exd5 42. e6 Kg6 43. h5+ Kf6 44. h6 d4 45. h7 Kg7 46. e7 1-0

[Event "Titled Tuesday intern op 19th Sep Early"]
[Site "Chess.com INT"]
[Date "2023.09.19"]
[Round "6"]
[White "Kuchava, Ana"]
[Black "Shishkov, Andrei"]
[Result "0-1"]
[WhiteElo "2101"]
[BlackElo "2340"]
[PlyCount "70"]
[EventDate "2023.09.19"]
[EventType "swiss (blitz)"]
[EventRounds "11"]
[EventCountry "USA"]
[SourceTitle "EXT 2024"]
[Source "ChessBase"]
[SourceDate "2023.10.10"]
[SourceVersion "1"]
[SourceVersionDate "2023.10.10"]
[SourceQuality "1"]

1. d4 Nf6 2. Nf3 e6 3. c4 d5 4. Nc3 dxc4 5. e3 a6 6. a4 c5 7. Bxc4 Nc6 8. 0-0 Qc7 9. Qe2 b6 10. Rd1 Bb7 11. Bd2 Be7 12. Be1 0-0 13. d5 exd5 14. Nxd5 Nxd5 15. Bxd5 Bf6 16. Bc3 Bxc3 17. bxc3 Ne7 18. c4 Rfe8 19. Ng5 Nxd5 20. cxd5 h6 21. Nf3 Rad8 22. Qc4 b5 23. axb5 axb5 24. Qxb5 Re7 25. Ra7 Rd6 26. Ne5 Rb6 27. Qc4 Qxe5 28. Qxc5 Rd6 29. Rb1 Bxd5 30. Rxe7 Qxe7 31. Rb6 Rxb6 32. Qxb6 Qb7 33. Qd8+ Kh7 34. h3 Bxg2 35. Qd3+ g6 0-1

[Event "Titled Tuesday intern op 19th Sep Early"]
[Site "Chess.com INT"]
[Date "2023.09.19"]
[Round "5"]
[White "Schut, Han"]
[Black "Shishkov, Andrei"]
[Result "1-0"]
[WhiteElo "2091"]
[BlackElo "2340"]
[PlyCount "83"]
[EventDate "2023.09.19"]
[EventType "swiss (blitz)"]
[EventRounds "11"]
[EventCountry "USA"]
[SourceTitle "EXT 2024"]
[Source "ChessBase"]
[SourceDate "2023.10.10"]
[SourceVersion "1"]
[SourceVersionDate "2023.10.10"]
[SourceQuality "1"]

1. e4 d5 2. exd5 Nf6 3. Bb5+ Bd7 4. Be2 Nxd5 5. d4 Bf5 6. a3 e6 7. c4 Nf6 8. Nc3 Be7 9. Nf3 0-0 10. h3 Ne4 11. Nxe4 Bxe4 12. Be3 Nd7 13. Bd3 Bxd3 14. Qxd3 Bf6 15. Rd1 Rc8 16. b4 a5 17. 0-0 axb4 18. axb4 Qe7 19. Qb3 Rfd8 20. Rfe1 Qf8 21. Rd2 h6 22. Red1 Be7 23. b5 c5 24. d5 exd5 25. Rxd5 Nf6 26. Rxd8 Rxd8 27. Ne5 Bd6 28. f4 Ne4 29. Qd3 f5 30. Qd5+ Kh7 31. Qe6 Qf6 32. Qxf6 gxf6 33. Nf7 Rd7 34. Nxd6 Rxd6 35. Rxd6 Nxd6 36. Bxc5 Nxc4 37. Kf2 Kg6 38. Ke2 Kf7 39. Kd3 Nb2+ 40. Kc2 Nc4 41. Kc3 Na5 42. Bb6 1-0

[Event "Titled Tuesday intern op 19th Sep Early"]
[Site "Chess.com INT"]
[Date "2023.09.19"]
[Round "8"]
[White "Shishkov, Andrei"]
[Black "Ahmad, Khagan"]
[Result "1-0"]
[WhiteElo "2340"]
[BlackElo "2306"]
[PlyCount "85"]
[EventDate "2023.09.19"]
[EventType "swiss (blitz)"]
[EventRounds "11"]
[EventCountry "USA"]
[SourceTitle "EXT 2024"]
[Source "ChessBase"]
[SourceDate "2023.10.10"]
[SourceVersion "1"]
[SourceVersionDate "2023.10.10"]
[SourceQuality "1"]

1. d4 Nf6 2. c4 g6 3. f3 c5 4. d5 d6 5. e4 Bg7 6. Ne2 0-0 7. Nec3 e5 8. g4 h5 9. h3 Nh7 10. Be3 f5 11. Nd2 fxg4 12. hxg4 h4 13. Qe2 Bf6 14. Qf2 Nd7 15. 0-0-0 a6 16. Kb1 b5 17. cxb5 axb5 18. Bxb5 Ba6 19. Nc4 Nb6 20. Qe2 Nxc4 21. Qxc4 Qa5 22. Bxa6 Rxa6 23. Qb5 Qxb5 24. Nxb5 Rb8 25. Nc7 Rab6 26. Rd2 Bg5 27. Bxg5 Nxg5 28. Rf2 h3 29. Ne6 Nxe6 30. dxe6 Kg7 31. Rxh3 c4 32. Kc1 c3 33. b3 Re8 34. Rc2 Rc6 35. f4 exf4 36. Rhxc3 Rxc3 37. Rxc3 Rxe6 38. Rc4 f3 39. Kd2 Rf6 40. Ke1 Rf4 41. g5 d5 42. exd5 Kf8 43. Rxf4+ 1-0

[Event "Titled Tuesday intern op 19th Sep Early"]
[Site "Chess.com INT"]
[Date "2023.09.19"]
[Round "7"]
[White "Shishkov, Andrei"]
[Black "Garcia Correa, Jose Ricardo"]
[Result "1-0"]
[WhiteElo "2340"]
[BlackElo "2103"]
[PlyCount "91"]
[EventDate "2023.09.19"]
[EventType "swiss (blitz)"]
[EventRounds "11"]
[EventCountry "USA"]
[SourceTitle "EXT 2024"]
[Source "ChessBase"]
[SourceDate "2023.10.10"]
[SourceVersion "1"]
[SourceVersionDate "2023.10.10"]
[SourceQuality "1"]

1. d4 Nf6 2. c4 e6 3. Nc3 d5 4. cxd5 exd5 5. Bg5 Nbd7 6. e3 Be7 7. Bd3 0-0 8. Nge2 c6 9. 0-0 Re8 10. Qc2 g6 11. Rad1 Nh5 12. Bxe7 Qxe7 13. Rfe1 f5 14. Qd2 Ndf6 15. Nf4 Ng7 16. f3 g5 17. Nh3 h6 18. Nf2 Bd7 19. Bb1 Rad8 20. e4 dxe4 21. fxe4 f4 22. e5 Ng4 23. Nce4 Rf8 24. Nxg4 Bxg4 25. Nf6+ Rxf6 26. exf6 Qxf6 27. Rc1 Rxd4 28. Qc2 Bf5 29. Qb3+ Kh7 30. Qxb7 Bxb1 31. Rxb1 Rd2 32. Qxa7 Qd4+ 33. Qxd4 Rxd4 34. Rbd1 Rb4 35. b3 Kg6 36. Rc1 Rb6 37. Rc4 Kf6 38. Rec1 Ne6 39. Rxc6 Rb7 40. Re1 Re7 41. Rexe6+ Rxe6 42. Rxe6+ Kxe6 43. Kf2 Kd5 44. Kf3 h5 45. h4 gxh4 46. Kxf4 1-0

[Event "Titled Tuesday intern op 29th Aug Early"]
[Site "Chess.com INT"]
[Date "2023.08.29"]
[Round "10"]
[White "Baghdasaryan, Vahe"]
[Black "Shishkov, Andrei"]
[Result "0-1"]
[WhiteElo "2257"]
[BlackElo "2340"]
[PlyCount "110"]
[EventDate "2023.08.29"]
[EventType "swiss (blitz)"]
[EventRounds "11"]
[EventCountry "USA"]
[SourceTitle "EXT 2024"]
[Source "ChessBase"]
[SourceDate "2023.10.10"]
[SourceVersion "1"]
[SourceVersionDate "2023.10.10"]
[SourceQuality "1"]

1. e4 d5 2. exd5 Nf6 3. d4 Nxd5 4. Nf3 Bg4 5. h3 Bh5 6. g4 Bg6 7. Ne5 Nc6 8. Bb5 Qd6 9. c4 Ndb4 10. a3 Nc2+ 11. Kf1 Nxa1 12. d5 0-0-0 13. Nxg6 hxg6 14. Nc3 Nb8 15. Be3 a6 16. Ba4 e6 17. Qxa1 f5 18. gxf5 gxf5 19. dxe6 Qxe6 20. Nd5 Rxd5 21. cxd5 Qxd5 22. Rg1 Rxh3 23. Qd1 Qxd1+ 24. Bxd1 Nc6 25. Bc2 Rh5 26. Bg5 g6 27. Bf4 Ne7 28. Be5 Kd7 29. Bb3 Rh4 30. Ke2 Re4+ 31. Kf3 Rxe5 32. Rd1+ Ke8 33. Bf7+ Kxf7 34. Rd8 Re6 35. Rd7 Rd6 36. Rxc7 Rb6 37. Rd7 Ke6 38. Rd2 Bg7 39. Rc2 Be5 40. b4 Nd5 41. Ke2 Rc6 42. Kd3 Rxc2 43. Kxc2 Nf4 44. Kb3 Nd3 45. Kc4 Nxf2 46. a4 Ne4 47. Kb3 g5 48. b5 g4 49. bxa6 bxa6 50. Kb4 g3 51. Ka5 g2 52. Kxa6 g1Q 53. Kb7 Qc5 54. a5 Qxa5 55. Kc8 Qc7# 0-1

[Event "Titled Tuesday intern op 29th Aug Early"]
[Site "Chess.com INT"]
[Date "2023.08.29"]
[Round "7"]
[White "Bogaudinov, Rushan"]
[Black "Shishkov, Andrei"]
[Result "0-1"]
[WhiteElo "1853"]
[BlackElo "2340"]
[PlyCount "46"]
[EventDate "2023.08.29"]
[EventType "swiss (blitz)"]
[EventRounds "11"]
[EventCountry "USA"]
[SourceTitle "EXT 2024"]
[Source "ChessBase"]
[SourceDate "2023.10.10"]
[SourceVersion "1"]
[SourceVersionDate "2023.10.10"]
[SourceQuality "1"]

1. d4 Nf6 2. c4 e6 3. Nc3 Bb4 4. e3 0-0 5. Nf3 c5 6. Be2 b6 7. 0-0 Bb7 8. a3 Bxc3 9. bxc3 Nc6 10. Nd2 Na5 11. Bf3 Qc7 12. Bxb7 Qxb7 13. Qe2 Rfc8 14. a4 Ne4 15. Nxe4 Qxe4 16. Ba3 cxd4 17. cxd4 Rxc4 18. f3 Qc2 19. Qxc2 Rxc2 20. Bb4 Nc4 21. e4 Ne3 22. Rf2 Rac8 23. a5 Rc1+ 0-1

[Event "Titled Tuesday intern op 29th Aug Early"]
[Site "Chess.com INT"]
[Date "2023.08.29"]
[Round "1"]
[White "Terry, Renato"]
[Black "Shishkov, Andrei"]
[Result "1-0"]
[WhiteElo "2520"]
[BlackElo "2340"]
[PlyCount "67"]
[EventDate "2023.08.29"]
[EventType "swiss (blitz)"]
[EventRounds "11"]
[EventCountry "USA"]
[SourceTitle "EXT 2024"]
[Source "ChessBase"]
[SourceDate "2023.10.10"]
[SourceVersion "1"]
[SourceVersionDate "2023.10.10"]
[SourceQuality "1"]

1. e4 d5 2. exd5 Nf6 3. Nc3 Nxd5 4. Bc4 c6 5. d3 Bf5 6. Qf3 e6 7. g4 Bg6 8. h4 h5 9. g5 Nd7 10. Bb3 Nxc3 11. bxc3 Qa5 12. Ne2 0-0-0 13. Bd2 Ne5 14. Qg3 Bd6 15. Bf4 Bc7 16. Rd1 Rd7 17. 0-0 Rhd8 18. Rfe1 Ng4 19. Bxc7 Rxc7 20. Nf4 Bf5 21. f3 Ne5 22. Nxh5 Ng6 23. Nxg7 Qxc3 24. Nxf5 exf5 25. h5 Ne7 26. Qe5 Nd5 27. Qxc3 Nxc3 28. Rd2 Rh8 29. h6 f6 30. f4 Nd5 31. Bxd5 cxd5 32. Rg2 fxg5 33. fxg5 Rg8 34. g6 1-0

[Event "Titled Tuesday intern op 29th Aug Early"]
[Site "Chess.com INT"]
[Date "2023.08.29"]
[Round "8"]
[White "Vifleemskaia, Svetlana"]
[Black "Shishkov, Andrei"]
[Result "0-1"]
[WhiteElo "1903"]
[BlackElo "2340"]
[PlyCount "48"]
[EventDate "2023.08.29"]
[EventType "swiss (blitz)"]
[EventRounds "11"]
[EventCountry "USA"]
[SourceTitle "EXT 2024"]
[Source "ChessBase"]
[SourceDate "2023.10.10"]
[SourceVersion "1"]
[SourceVersionDate "2023.10.10"]
[SourceQuality "1"]

1. d4 Nf6 2. c4 e6 3. Nc3 Bb4 4. e3 0-0 5. Nge2 Re8 6. a3 Bf8 7. Ng3 d5 8. cxd5 exd5 9. Bd3 b6 10. 0-0 Bb7 11. b4 Nbd7 12. Qc2 c6 13. Bb2 a5 14. b5 c5 15. Bf5 g6 16. Bh3 Rc8 17. Qd3 Rc7 18. Rfd1 Bg7 19. Na4 c4 20. Qd2 h5 21. f3 h4 22. Ne2 Qe7 23. Kf2 Bh6 24. f4 Ne4+ 0-1

[Event "Titled Tuesday intern op 15th Aug Early"]
[Site "Chess.com INT"]
[Date "2023.08.15"]
[Round "2"]
[White "Cherniaiev, Tykhon"]
[Black "Shishkov, Andrei"]
[Result "1-0"]
[WhiteElo "2278"]
[BlackElo "2340"]
[PlyCount "47"]
[EventDate "2023.08.15"]
[EventType "swiss (blitz)"]
[EventRounds "11"]
[EventCountry "USA"]
[SourceTitle "EXT 2024"]
[Source "ChessBase"]
[SourceDate "2023.10.10"]
[SourceVersion "1"]
[SourceVersionDate "2023.10.10"]
[SourceQuality "1"]

1. Nf3 Nf6 2. d4 e6 3. c4 d5 4. Nc3 dxc4 5. Bf4 Bd6 6. Bxd6 cxd6 7. Qa4+ Nc6 8. Qxc4 0-0 9. e3 d5 10. Qa4 Bd7 11. Bb5 a6 12. Bxc6 Bxc6 13. Qa3 Nd7 14. 0-0 b5 15. Rac1 Qb6 16. Qd6 Rac8 17. Ne2 Rfd8 18. Nf4 Nf8 19. Qe7 Rd7 20. Qc5 Qxc5 21. Rxc5 Rdc7 22. Rfc1 f6 23. Nd3 Kf7 24. Nb4 1-0

[Event "Titled Tuesday intern op 15th Aug Early"]
[Site "Chess.com INT"]
[Date "2023.08.15"]
[Round "7"]
[White "Shishkov, Andrei"]
[Black "Maltsevskaya, Aleksandra"]
[Result "1-0"]
[WhiteElo "2340"]
[BlackElo "2386"]
[PlyCount "135"]
[EventDate "2023.08.15"]
[EventType "swiss (blitz)"]
[EventRounds "11"]
[EventCountry "USA"]
[SourceTitle "EXT 2024"]
[Source "ChessBase"]
[SourceDate "2023.10.10"]
[SourceVersion "1"]
[SourceVersionDate "2023.10.10"]
[SourceQuality "1"]

1. d4 Nf6 2. c4 g6 3. f3 d6 4. e4 Bg7 5. Nc3 0-0 6. Be3 Nc6 7. Qd2 a6 8. 0-0-0 b5 9. h4 bxc4 10. h5 a5 11. hxg6 fxg6 12. Bxc4+ e6 13. Bh6 a4 14. Bxg7 Kxg7 15. Qh6+ Kf7 16. e5 Ne8 17. Nh3 Qe7 18. Ng5+ Kg8 19. Nxe6 Bxe6 20. Bxe6+ Kh8 21. Bd5 Ra6 22. Be4 dxe5 23. Bxg6 Nxd4 24. Qxh7+ Qxh7 25. Rxh7+ Kg8 26. Be4 Nf6 27. Rxc7 a3 28. b3 Rd8 29. Kb1 Rb8 30. Nd5 Nb5 31. Rc5 Nxe4 32. fxe4 Rd6 33. Rxb5 Rxb5 34. Ne7+ Kf7 35. Rxd6 Kxe7 36. Ra6 Rb4 37. Rxa3 Rxe4 38. Ra7+ Kd6 39. Rg7 Re2 40. a4 Kc5 41. a5 Kb5 42. a6 Kxa6 43. Kc1 Kb5 44. Kd1 Ra2 45. Rg5 Kc5 46. Rxe5+ Kd4 47. Re2 Ra3 48. Ke1 Rxb3 49. Kf2 Rb7 50. g4 Kd3 51. Re8 Rb2+ 52. Kg3 Rb1 53. Kh4 Rh1+ 54. Kg5 Rg1 55. Kf5 Rf1+ 56. Kg6 Kd4 57. g5 Kd5 58. Kg7 Rg1 59. g6 Kd6 60. Kf7 Kd7 61. Re2 Kd6 62. g7 Rf1+ 63. Kg8 Rg1 64. Re8 Kd7 65. Re5 Kd6 66. Re4 Kd7 67. Kf7 Rf1+ 68. Kg6 1-0